000
00239nam a2200097Ia 4500
008
191206s9999 xx 000 0 und d
020
_a
38541472
090
_a
BX945.2B64
245
2
_a
A concise history of the catholic church
260
_c
c1990
999
_c
15352
_d
15352